000 00842nam a2200241Ia 4500
003 OSt
005 20220926013519.0
006 a|||||r|||| 00| 0
007 ta
008 220923b |||||||| |||| 00| 0 eng d
037 _cGeneral Book
040 _aRTL
_cRTL
_beng
041 _2eng
_aeng
082 _aX755:(Z,3), H9.80-1
110 _aInternational Bank for Reconstruction and Development and Na Cional Financiera
_9318478
245 0 _aProject agreement novation
_b Zihuatane jo tourism p
260 _aNew York
_bInternational Bank for Reconstruction and Development U S A
_c1974
300 _a6p.
_ccm.
650 _aForeign Loan
700 _aInternational Bank for Reconstruction and Development and Na Cional Financiera
_9318479
942 _hX755:(Z,3), H9.80-1
_cGB
_2CC
999 _c626129
_d626129